00402cam a22001337a 4500008004000000082001600040100001700056245005300073260002700126300001000153650004400163650003800207650002300245180718b1988 xxu||||| |||| 00| 0 eng d aR11x54 M697 aMittal, D.K. aEmployment in public enterprisescby D.K. Mittal aNew DelhibAnmolc1988 a275p. aGovernment business enterprises - India aPublic sector enterprises - India aEmployment - India